Economics of health care financing : the visible hand /

Сохранить в:
Библиографические подробности
Главный автор: Donaldson, Cam
Другие авторы: Gerard, Karen
Формат:
Язык:английский
Опубликовано: Basingstoke, Hampshire [England] ; New York : Palgrave Macmillan, 2005.
Редактирование:2nd ed.
Предметы:
Online-ссылка:Contributor biographical information
Publisher description
shorturl.at/rWX56
Метки: Добавить метку
Нет меток, Требуется 1-ая метка записи!

MARC

LEADER 00000pam a22000004a 4500
001 13593254
003 MU
005 20220725050839.0
008 040514s2005 enka b 001 0 eng
010 |a  2004052091 
020 |a 9780333984314  |c Tzs 35,520/= 
040 |a MU Library  |c MU Library  |d MU Library 
042 |a pcc 
050 0 0 |a RA410  |b .D66 2005 
060 0 0 |a 2004 O-328 
060 1 0 |a W 84.1  |b D676e 2005 
082 0 0 |a 338.433621 ECO  |2 22 
100 1 |a Donaldson, Cam. 
245 1 0 |a Economics of health care financing :  |b the visible hand /  |c Cam Donaldson and Karen Gerard ; with Stephen Jan, Craig Mitton, and Virginia Wiseman. 
250 |a 2nd ed. 
260 |a Basingstoke, Hampshire [England] ;  |a New York :  |b Palgrave Macmillan,  |c 2005. 
300 |a x, 286 p. :  |b ill. ;  |c 24 cm. 
504 |a Includes bibliographical references (p. 232-271) and index. 
505 |a Markets and Market Failure in Health Care Front Matter Pages 1-1 PDF Health Care Financing Reforms: Moving into the 1990s Cam Donaldson, Karen Gerard Pages 3-11 Markets and Health Care Cam Donaldson, Karen Gerard Pages 12-25 Market Failure in Health Care Cam Donaldson, Karen Gerard Pages 26-48 Health Care Systems and Their Objectives Front Matter Pages 49-49 PDF Alternatives for Funding Health Care Cam Donaldson, Karen Gerard Pages 51-67 Economic Objectives of Health Care Cam Donaldson, Karen Gerard Pages 68-84 A Review of Empirical Findings Front Matter Pages 85-85 PDF Countering Consumer Moral Hazard Cam Donaldson, Karen Gerard Pages 87-100 Countering Doctor Moral Hazard Cam Donaldson, Karen Gerard Pages 101-115 Countering Moral Hazard in the Hospital Sector Cam Donaldson, Karen Gerard Pages 116-142 Achieving Equity Cam Donaldson, Karen Gerard Pages 143-164 Future Challenges Front Matter Pages 165-165 PDF Future Considerations: Setting the Health Care Budget Cam Donaldson, Karen Gerard Pages 167-182 Health Care Financing Reforms: Challenges for the 1990s Cam Donaldson, Karen Gerard Pages 183-189 
650 0 |a Medical economics. 
650 0 |a Medical care  |x Finance. 
700 1 |a Gerard, Karen. 
856 4 2 |3 Contributor biographical information  |u http://www.loc.gov/catdir/bios/hol059/2004052091.html 
856 4 2 |3 Publisher description  |u http://www.loc.gov/catdir/description/hol053/2004052091.html 
856 4 1 |3 Table of contents  |u http://www.loc.gov/catdir/toc/hol052/2004052091.html  |y shorturl.at/rWX56 
906 |a 7  |b cbc  |c orignew  |d 1  |e ocip  |f 20  |g y-gencatlg 
942 |2 ddc  |c BK  |n 0 
999 |c 187  |d 187